000
00230nam a22000857a 4500
008
160629b xxu||||| |||| 00| 0 eng d
100
_9
1406
_a
Das, A., et al
245
_a
Home Science - XII
260
_a
New Delhi
_b
Arya Publication
_c
2005
999
_c
1163
_d
1163